Problemas resueltos de hormigón armado
Сохранить в:
| Главный автор: | |
|---|---|
| Формат: | |
| Язык: | Spanish |
| Опубликовано: |
Barcelona : José Montesó,
1936
|
| Предметы: | |
| Метки: |
Добавить метку
Нет меток, Требуется 1-ая метка записи!
|
MARC
| LEADER | 00000nam a2200000Ia 4500 | ||
|---|---|---|---|
| 003 | 002634 | ||
| 005 | 20221231143955.0 | ||
| 008 | 140114s1936 sp a 000 ||spa d | ||
| 040 | |c cru CEDI | ||
| 082 | |a 620.136 O25p | ||
| 100 | |a Odorizzi, V |9 21086 | ||
| 245 | |a Problemas resueltos de hormigón armado | ||
| 246 | |a Hormigón armado : problemas resueltos | ||
| 260 | |a Barcelona : José Montesó, |c 1936 | ||
| 300 | |a 160 páginas ;ilustraciones | ||
| 650 | |x HORMIGON |9 21088 | ||
| 942 | |2 ddc |c BK | ||
| 999 | |c 15016 |d 15016 | ||
